000 00818cam a2200265 i 4500
001 16108
003 DO-SdUEMH
005 20251230165236.0
007 ta
008 211105s2007 dr a|||gr|||| 000 0 spa|d
040 _aDO-SdUEMH
_bspa
_erda
041 _aspa
082 1 4 _mRD
_aRD174.3 O642D
_bOR64d
084 _b10-00464
100 _aORBE BAEZ, ALEJANDRO SOCRATES DEL
_eaut
245 1 0 _aDeontología jurídica : ética para abogados y mageistrados /
_cAlejandro Sócrates del Orbe Báez
260 _c2007
264 0 1 _aSanto Domingo, República Dominicana
_bFundación Hombre y universo,
_c2007
300 _a440 paginas :
_bIlustraciones ;
_c23 cm
336 _2rdacontent
_atexto
_btxt
337 _2rdamedia
_asin mediación
_bn
338 _2rdacarrier
_avolumen
_bnc
942 _2ddc
_cBK
_n0
999 _c16108
_d16108